| 000 | 00680nam a2200241Ia 4500 | ||
|---|---|---|---|
| 003 | OSt | ||
| 005 | 20221007064755.0 | ||
| 006 | a|||||r|||| 00| 0 | ||
| 007 | ta | ||
| 008 | 221006b |||||||| |||| 00| 0 hin d | ||
| 024 | _a20,221 | ||
| 037 | _cTextual | ||
| 040 |
_aFLL _cFLL _bhin |
||
| 041 |
_2hin _ahin |
||
| 082 | _aV2:20Y138:N5, J6;K7;1 | ||
| 100 | _aAggarwala R.N. | ||
| 245 | 0 | _aNational movement and constitutional development of India | |
| 250 | _aEd.6 | ||
| 260 |
_aDelhi _bMetropolitan Book Co. P. Ltd. India _c1967 |
||
| 300 |
_a584p _ccm. |
||
| 942 |
_hV2:20Y138:N5, J6;K7;1 _cTEXL _2CC |
||
| 999 |
_c1135305 _d1135305 |
||